000 00336nam a22001457a 4500
008 230622b ||||| |||| 00| 0 eng d
020 _a9781555421733
041 _aeng
080 _a159.9
082 _a159.9ADA
100 _a25
101 _aPSI
245 _aDESIGNING AND CONDUCTING HEALTH SURVEYS
_cADAY .A. L
942 _2udc
_cBK
999 _c60018
_d60018